<?xml version="1.0" encoding="UTF-8"?>
<collection xmlns="http://www.loc.gov/MARC21/slim">
 <record>
  <leader>04223nas a22005531  4500</leader>
  <controlfield tag="001">1/50360</controlfield>
  <controlfield tag="008">031023c19769999nyubx1p       0   a0eng d</controlfield>
  <datafield tag="022" ind1=" " ind2=" ">
   <subfield code="a">0361-0918</subfield>
  </datafield>
  <datafield tag="035" ind1=" " ind2=" ">
   <subfield code="l">24406</subfield>
  </datafield>
  <datafield tag="040" ind1=" " ind2=" ">
   <subfield code="a">DLC</subfield>
   <subfield code="b">GR-PeUP</subfield>
  </datafield>
  <datafield tag="090" ind1=" " ind2=" ">
   <subfield code="a">Αλφαβητική σειρά</subfield>
  </datafield>
  <datafield tag="245" ind1="0" ind2="0">
   <subfield code="a">Communications in statistics :</subfield>
   <subfield code="b">Simulation and computation.</subfield>
  </datafield>
  <datafield tag="260" ind1=" " ind2=" ">
   <subfield code="a">New York :</subfield>
   <subfield code="b">Marcel Dekker,</subfield>
   <subfield code="c">1976-</subfield>
  </datafield>
  <datafield tag="300" ind1=" " ind2=" ">
   <subfield code="a">v. :</subfield>
   <subfield code="b">ill. ;</subfield>
   <subfield code="c">23 cm.</subfield>
  </datafield>
  <datafield tag="310" ind1=" " ind2=" ">
   <subfield code="a">Bimonthly.</subfield>
  </datafield>
  <datafield tag="362" ind1="0" ind2=" ">
   <subfield code="a">Vol.33, no.1(2003)-</subfield>
  </datafield>
  <datafield tag="546" ind1=" " ind2=" ">
   <subfield code="a">English.</subfield>
  </datafield>
  <datafield tag="650" ind1=" " ind2="4">
   <subfield code="a">Mathematical statistics</subfield>
   <subfield code="v">Periodicals.</subfield>
  </datafield>
  <datafield tag="650" ind1=" " ind2="4">
   <subfield code="a">Mathematical statistics</subfield>
   <subfield code="x">Data processing</subfield>
   <subfield code="v">Periodicals.</subfield>
  </datafield>
  <datafield tag="650" ind1=" " ind2="4">
   <subfield code="a">Digital computer simulation</subfield>
   <subfield code="v">Periodicals.</subfield>
  </datafield>
  <datafield tag="852" ind1=" " ind2=" ">
   <subfield code="a">INST</subfield>
   <subfield code="b">UNIPILB</subfield>
   <subfield code="c">SERIALS</subfield>
   <subfield code="e">20060407</subfield>
   <subfield code="h">Αλφαβητική σειρά</subfield>
   <subfield code="p">51165</subfield>
   <subfield code="q">51165</subfield>
   <subfield code="t">NOLOAN</subfield>
   <subfield code="v">vol.32;no.1:(Μήνας)January;(Έτος)2003</subfield>
   <subfield code="y">23</subfield>
  </datafield>
  <datafield tag="852" ind1=" " ind2=" ">
   <subfield code="a">INST</subfield>
   <subfield code="b">UNIPILB</subfield>
   <subfield code="c">SERIALS</subfield>
   <subfield code="e">20060407</subfield>
   <subfield code="h">Αλφαβητική σειρά</subfield>
   <subfield code="p">51166</subfield>
   <subfield code="q">51166</subfield>
   <subfield code="t">NOLOAN</subfield>
   <subfield code="v">vol.32;no.2:(Μήνας)April;(Έτος)2003</subfield>
   <subfield code="y">23</subfield>
  </datafield>
  <datafield tag="852" ind1=" " ind2=" ">
   <subfield code="a">INST</subfield>
   <subfield code="b">UNIPILB</subfield>
   <subfield code="c">SERIALS</subfield>
   <subfield code="e">20060407</subfield>
   <subfield code="h">Αλφαβητική σειρά</subfield>
   <subfield code="p">51167</subfield>
   <subfield code="q">51167</subfield>
   <subfield code="t">NOLOAN</subfield>
   <subfield code="v">vol.32;no.3:(Μήνας)July;(Έτος)2003</subfield>
   <subfield code="y">23</subfield>
  </datafield>
  <datafield tag="852" ind1=" " ind2=" ">
   <subfield code="a">INST</subfield>
   <subfield code="b">UNIPILB</subfield>
   <subfield code="c">SERIALS</subfield>
   <subfield code="e">20060407</subfield>
   <subfield code="h">Αλφαβητική σειρά</subfield>
   <subfield code="p">51168</subfield>
   <subfield code="q">51168</subfield>
   <subfield code="t">NOLOAN</subfield>
   <subfield code="v">vol.32;no.4:(Μήνας)October;(Έτος)2003</subfield>
   <subfield code="y">23</subfield>
  </datafield>
  <datafield tag="852" ind1=" " ind2=" ">
   <subfield code="a">INST</subfield>
   <subfield code="b">UNIPILB</subfield>
   <subfield code="c">SERIALS</subfield>
   <subfield code="e">20060407</subfield>
   <subfield code="h">Αλφαβητική σειρά</subfield>
   <subfield code="p">51169</subfield>
   <subfield code="q">51169</subfield>
   <subfield code="t">NOLOAN</subfield>
   <subfield code="v">vol.33;no.1:(Μήνας)January;(Έτος)2004</subfield>
   <subfield code="y">23</subfield>
  </datafield>
  <datafield tag="852" ind1=" " ind2=" ">
   <subfield code="a">INST</subfield>
   <subfield code="b">UNIPILB</subfield>
   <subfield code="c">SERIALS</subfield>
   <subfield code="e">20060407</subfield>
   <subfield code="h">Αλφαβητική σειρά</subfield>
   <subfield code="p">51170</subfield>
   <subfield code="q">51170</subfield>
   <subfield code="t">NOLOAN</subfield>
   <subfield code="v">vol.33;no.2:(Μήνας)April;(Έτος)2004</subfield>
   <subfield code="y">23</subfield>
  </datafield>
  <datafield tag="852" ind1=" " ind2=" ">
   <subfield code="a">INST</subfield>
   <subfield code="b">UNIPILB</subfield>
   <subfield code="c">SERIALS</subfield>
   <subfield code="e">20060407</subfield>
   <subfield code="h">Αλφαβητική σειρά</subfield>
   <subfield code="p">51171</subfield>
   <subfield code="q">51171</subfield>
   <subfield code="t">NOLOAN</subfield>
   <subfield code="v">vol.33;no.3:(Μήνας)July;(Έτος)2004</subfield>
   <subfield code="y">23</subfield>
  </datafield>
  <datafield tag="852" ind1=" " ind2=" ">
   <subfield code="a">INST</subfield>
   <subfield code="b">UNIPILB</subfield>
   <subfield code="c">SERIALS</subfield>
   <subfield code="e">20060407</subfield>
   <subfield code="h">Αλφαβητική σειρά</subfield>
   <subfield code="p">51172</subfield>
   <subfield code="q">51172</subfield>
   <subfield code="t">NOLOAN</subfield>
   <subfield code="v">vol.33;no.4:(Μήνας)October;(Έτος)2004</subfield>
   <subfield code="y">23</subfield>
  </datafield>
  <datafield tag="852" ind1=" " ind2=" ">
   <subfield code="a">INST</subfield>
   <subfield code="b">UNIPILB</subfield>
   <subfield code="c">SERIALS</subfield>
   <subfield code="e">20060407</subfield>
   <subfield code="h">Αλφαβητική σειρά</subfield>
   <subfield code="p">51173</subfield>
   <subfield code="q">51173</subfield>
   <subfield code="t">NOLOAN</subfield>
   <subfield code="v">vol.34;no.1:(Μήνας)January;(Έτος)2005</subfield>
   <subfield code="y">23</subfield>
  </datafield>
  <datafield tag="852" ind1=" " ind2=" ">
   <subfield code="a">INST</subfield>
   <subfield code="b">UNIPILB</subfield>
   <subfield code="c">SERIALS</subfield>
   <subfield code="e">20060407</subfield>
   <subfield code="h">Αλφαβητική σειρά</subfield>
   <subfield code="p">51174</subfield>
   <subfield code="q">51174</subfield>
   <subfield code="t">NOLOAN</subfield>
   <subfield code="v">vol.34;no.2:(Μήνας)April;(Έτος)2005</subfield>
   <subfield code="y">23</subfield>
  </datafield>
  <datafield tag="852" ind1=" " ind2=" ">
   <subfield code="a">INST</subfield>
   <subfield code="b">UNIPILB</subfield>
   <subfield code="c">SERIALS</subfield>
   <subfield code="e">20060407</subfield>
   <subfield code="h">Αλφαβητική σειρά</subfield>
   <subfield code="p">51175</subfield>
   <subfield code="q">51175</subfield>
   <subfield code="t">NOLOAN</subfield>
   <subfield code="v">vol.34;no.3:(Μήνας)July;(Έτος)2005</subfield>
   <subfield code="y">23</subfield>
  </datafield>
  <datafield tag="852" ind1=" " ind2=" ">
   <subfield code="a">INST</subfield>
   <subfield code="b">UNIPILB</subfield>
   <subfield code="c">SERIALS</subfield>
   <subfield code="e">20060407</subfield>
   <subfield code="h">Αλφαβητική σειρά</subfield>
   <subfield code="p">51176</subfield>
   <subfield code="q">51176</subfield>
   <subfield code="t">NOLOAN</subfield>
   <subfield code="v">vol.34;no.4:(Μήνας)October;(Έτος)2005</subfield>
   <subfield code="y">23</subfield>
  </datafield>
  <datafield tag="852" ind1=" " ind2=" ">
   <subfield code="a">INST</subfield>
   <subfield code="b">UNIPILB</subfield>
   <subfield code="c">SERIALS</subfield>
   <subfield code="e">20070919</subfield>
   <subfield code="h">Αλφαβητική σειρά</subfield>
   <subfield code="p">57319</subfield>
   <subfield code="q">57319</subfield>
   <subfield code="t">NOLOAN</subfield>
   <subfield code="v">vol.35;no.2:(Μήνας)April;(Έτος)2006</subfield>
   <subfield code="y">23</subfield>
  </datafield>
  <datafield tag="852" ind1=" " ind2=" ">
   <subfield code="a">INST</subfield>
   <subfield code="b">UNIPILB</subfield>
   <subfield code="c">SERIALS</subfield>
   <subfield code="e">20070919</subfield>
   <subfield code="h">Αλφαβητική σειρά</subfield>
   <subfield code="p">57320</subfield>
   <subfield code="q">57320</subfield>
   <subfield code="t">NOLOAN</subfield>
   <subfield code="v">vol.35;no.3:(Μήνας)July;(Έτος)2006</subfield>
   <subfield code="y">23</subfield>
  </datafield>
  <datafield tag="852" ind1=" " ind2=" ">
   <subfield code="a">INST</subfield>
   <subfield code="b">UNIPILB</subfield>
   <subfield code="c">SERIALS</subfield>
   <subfield code="e">20080206</subfield>
   <subfield code="h">Αλφαβητική σειρά</subfield>
   <subfield code="p">59642</subfield>
   <subfield code="q">59642</subfield>
   <subfield code="t">NOLOAN</subfield>
   <subfield code="v">vol.36;no.4-6:(Μήνες)Jul.-Sept.-Nov.;(Έτος)2007</subfield>
   <subfield code="y">23</subfield>
  </datafield>
  <datafield tag="852" ind1=" " ind2=" ">
   <subfield code="a">INST</subfield>
   <subfield code="b">UNIPILB</subfield>
   <subfield code="c">SERIALS</subfield>
   <subfield code="e">20080206</subfield>
   <subfield code="h">Αλφαβητική σειρά</subfield>
   <subfield code="p">59643</subfield>
   <subfield code="q">59643</subfield>
   <subfield code="t">NOLOAN</subfield>
   <subfield code="v">vol.36;no.1-3:(Μήνες)Jan.-Mar.-May;(Έτος)2007</subfield>
   <subfield code="y">23</subfield>
  </datafield>
  <datafield tag="856" ind1="4" ind2="1">
   <subfield code="u">http://www.informaworld.com/smpp/title~content=t713597237</subfield>
  </datafield>
  <datafield tag="900" ind1=" " ind2=" ">
   <subfield code="a">Vol. 37 no. 3 (May 2008)</subfield>
   <subfield code="b">Οφειλόμενο</subfield>
   <subfield code="c">26/08/2008</subfield>
  </datafield>
  <datafield tag="900" ind1=" " ind2=" ">
   <subfield code="a">Vol. 35 no. 1 (January 2006)</subfield>
   <subfield code="b">Οφειλόμενο</subfield>
   <subfield code="c">11/06/2007</subfield>
  </datafield>
  <datafield tag="900" ind1=" " ind2=" ">
   <subfield code="a">Vol. 35 no. 4 (October 2006)</subfield>
   <subfield code="b">Οφειλόμενο</subfield>
   <subfield code="c">12/02/2008</subfield>
  </datafield>
  <datafield tag="900" ind1=" " ind2=" ">
   <subfield code="a">Vol. 37 no. 1 (January 2008)</subfield>
   <subfield code="b">Οφειλόμενο</subfield>
   <subfield code="c">01/04/2008</subfield>
  </datafield>
  <datafield tag="900" ind1=" " ind2=" ">
   <subfield code="a">Vol. 37 no. 2 (March 2008)</subfield>
   <subfield code="b">Οφειλόμενο</subfield>
   <subfield code="c">01/06/2008</subfield>
  </datafield>
  <datafield tag="950" ind1=" " ind2=" ">
   <subfield code="a">01/01/2003</subfield>
   <subfield code="c">ANACO Κ. ΑΝΑΓΝΩΣΤΟΥ Ε.Π.Ε., ΜΗΧΑΝΗΜΑΤΑ ΚΑΙ ΣΥΣΤΗΜΑΤΑ ΟΡΓΑΝΩΣΗΣ ΓΡΑΦΕΙΟΥ</subfield>
   <subfield code="d">31</subfield>
  </datafield>
  <datafield tag="951" ind1=" " ind2=" ">
   <subfield code="a">Vol. 36 no. 4-6  (4 Jul. 5 Sept. 6 Nov. 2007)</subfield>
   <subfield code="b">Main run</subfield>
  </datafield>
  <datafield tag="951" ind1=" " ind2=" ">
   <subfield code="a">Vol. 32 no. 1 (January 2003) - Vol. 34 no. 3 (July 2004)</subfield>
   <subfield code="b">Main run</subfield>
  </datafield>
  <datafield tag="951" ind1=" " ind2=" ">
   <subfield code="a">Vol. 33 no. 4 (October 2004)</subfield>
   <subfield code="b">Main run</subfield>
  </datafield>
  <datafield tag="951" ind1=" " ind2=" ">
   <subfield code="a">Vol. 34 no. 1 (January 2005) - Vol. 34 no. 4 (October 2005)</subfield>
   <subfield code="b">Main run</subfield>
  </datafield>
  <datafield tag="951" ind1=" " ind2=" ">
   <subfield code="a">Vol. 35 no. 2 (April 2006) - Vol. 35 no. 3 (July 2006)</subfield>
   <subfield code="b">Main run</subfield>
  </datafield>
  <datafield tag="951" ind1=" " ind2=" ">
   <subfield code="a">Vol. 36 no. 1-3  (1 Jan. 2 Mar. 3 May 2007)</subfield>
   <subfield code="b">Main run</subfield>
  </datafield>
 </record>
</collection>
